000 00434nam a2200157 i 4500
001 128940
003 ES-MaACL
007 t|
008 070531s1905 sp ||||1| spa d
080 _a636.09
100 1 _aTéllez y López, Juan.
_9109647
245 1 0 _aManual de patología general /
_cpor Juan Téllez y López.
260 _aMadrid :
_bBailly-Baillière,
_c1905.
300 _a292 p. ;
_c18 cm.
852 _aES-MaACL
_jG-14289
999 _c128940
_d128940